|
|
|
|
| LEADER |
00000cam a2200000 a 4500 |
| 001 |
vtls011581876 |
| 003 |
SK-MaSNL |
| 005 |
20260301092824.0 |
| 008 |
240318s2016 xr f 000 0dcze |
| 020 |
|
|
|a 9788072526468
|q (viazané)
|
| 040 |
|
|
|a SNK
|b slo
|c SNK
|e AACR2
|
| 041 |
1 |
|
|a cze
|h eng
|
| 044 |
|
|
|a xr
|c CZ
|
| 072 |
|
7 |
|a 33
|x Ekonómia
|2 konspekt
|
| 080 |
|
|
|a 33
|2 2011
|
| 080 |
|
|
|a 519.83
|2 2011
|
| 080 |
|
|
|a 339.13
|2 2011
|
| 080 |
|
|
|a (048.8)
|2 2011
|
| 100 |
1 |
|
|a Roth, Alvin E.,
|d 1951-
|4 aut
|9 424237
|
| 240 |
1 |
0 |
|a Who gets what - and why
|l Česky
|
| 245 |
1 |
0 |
|a Kdo dostává co a proč
|b nové ekonomické směry v konceptu vhodného párování matchmaking a návrzích podoby trhů market design
|c Alvin E. Roth ; [přeložila Jana Srbová]
|
| 250 |
|
|
|a 1. vyd.
|
| 260 |
|
|
|a Praha
|b Práh
|c 2016
|
| 300 |
|
|
|a 227 s.
|c 22 cm
|
| 500 |
|
|
|a Preložené z angličtiny
|
| 650 |
0 |
7 |
|a ekonómia
|2 SNKPH
|9 788
|
| 650 |
0 |
7 |
|a teória hier
|2 SNKPH
|9 3701
|
| 650 |
0 |
7 |
|a trhy
|2 SNKPH
|9 2373
|
| 650 |
0 |
7 |
|a Economics
|2 SNKPHeng
|9 265310
|
| 650 |
0 |
7 |
|a Theory of games
|2 SNKPHeng
|9 320522
|
| 650 |
0 |
7 |
|a Markets
|2 SNKPHeng
|9 302684
|
| 655 |
|
7 |
|a monografie
|2 SNKPH
|9 70139
|
| 655 |
|
7 |
|a Monographs
|2 SNKPHeng
|9 120675
|
| 700 |
1 |
|
|a Srbová, Jana
|4 trl
|9 424238
|
| 919 |
|
|
|a 978-80-7252-646-8
|
| 958 |
|
|
|a CZ
|
| 999 |
|
|
|c 675174
|d 677104
|
| 952 |
|
|
|t snkROT 33
|a SNKUST
|b SNKUST
|y PREZ
|7 0
|p 17A1250041
|o snkIC 142993
|i snk2016/27704
|8 4
|g 11.48
|0 0
|1 0
|4 0
|d 2016-11-07
|l 0
|r 2025-04-29 00:00:00
|w 2026-02-23
|